000
00269nam a22001097a 4500
008
170123b xxu||||| |||| 00| 0 eng d
020
_a
9780803628335
041
_a
eng
080
_2
10TH
_a
618.2
245
_a
DAIVS, 'S DRUG GUIDE FOR NURSES
_c
DEGLIN, J.H
942
_2
udc
_c
BK
999
_c
3363
_d
3363